| 000 | 01425cam6a220033701 4500 | ||
|---|---|---|---|
| 001 | lce00258185 | ||
| 005 | 20190822104355.0 | ||
| 008 | 771021s1978 wauaf b 001 0 eng | ||
| 010 | _a 77016663 //r902 | ||
| 020 | _a0295955856 | ||
| 035 | _a(Sirsi) r93376 | ||
| 035 | _a(DLC) 77016663 //r902 | ||
| 035 | _a(UPRA)lce00258185 | ||
| 040 |
_aDLC _cDLC _dDLC _dUPRA |
||
| 043 | _aa-ce--- | ||
| 050 | 0 | 0 |
_aDS489.25.V4 _bB76 |
| 082 | 0 | 0 | _a301.45/09549/3 |
| 100 | 1 |
_aBrow, James. _6A52132.1 |
|
| 245 | 1 | 0 |
_aVedda villages of Anuradhapura : _bthe historical anthropology of a community in Sri Lanka / _cJames Brow. |
| 260 |
_aSeattle : _bUniversity of Washington Press, _cc1978. |
||
| 490 | 1 | _aPublications on Asia of the School of International Studies ; no. 33 | |
| 500 | _aIncludes index. | ||
| 504 | _aBibliography: p. 245-256. | ||
| 650 | 0 |
_aVedda (Sri Lankan people) _6S40779.1 |
|
| 650 | 0 |
_aKinship -- Sri Lanka -- North-Central Province. _zKinship -- Sri Lanka -- North-Central Province. _zKinship -- Sri Lanka -- North-Central Province. _6S40780.1 |
|
| 651 | 0 |
_aNorth Central Province (Sri Lanka) -- Social conditions. _xNorth Central Province (Sri Lanka) -- Social conditions. _6S40781.1 |
|
| 830 | 0 |
_aPublications on Asia of the School of International Studies, University of Washington ; _vv. 33. _6S8652.1 |
|
| 949 |
_aDS489.25.V4 _wlcc _mMAIN _tBOOK _lON-SHELF |
||
| 004 | 93376 | ||
| 987 | _aWITHDRAWN | ||
| 999 |
_c130547 _d130547 |
||